12 tools for secure your mobile, 32 business tools, 8 develo (Record no. 139481)

000 -LEADER
fixed length control field 00303nmm a2200097Ia 4500
008 - FIXED-LENGTH DATA ELEMENTS--GENERAL INFORMATION
fixed length control field 220120s9999||||xx |||||||||||||||||und||
020 ## - INTERNATIONAL STANDARD BOOK NUMBER
International Standard Book Number 0-07-048649-2
100 ## - MAIN ENTRY--PERSONAL NAME
Personal name PCQ May 2010
9 (RLIN) 11213
245 #0 - TITLE STATEMENT
Title 12 tools for secure your mobile, 32 business tools, 8 develo
260 ## - PUBLICATION, DISTRIBUTION, ETC.
Place of publication, distribution, etc. Cyber tach publication
Name of publisher, distributor, etc. New Delhi
Holdings
Withdrawn status Lost status Damaged status Not for loan Home library Current library Date acquired Barcode Date last seen Price effective from Koha item type
        Central Library Central Library 01/20/2022 CD1032 01/20/2022 01/20/2022 Compact Disc

Powered by Koha